[Instructions for special individual returns of saddlery equipment issued to officers].

Bibliographic Details
Format: Government Document eBook
Language:English
Published: [Washington] : [publisher not identified], 1909.
Subjects:
Online Access:Connect to the full text of this electronic document

MARC

Tag First Indicator Second Indicator Subfields
LEADER 00000cam a22000001a 4500
001 in00003636749
005 20190408170435.0
006 m o d f
007 cr bn mmmapmmp
008 141127s1909 dcu o f000 0 eng d
035 |a ebd1909207374 
040 |a UMI  |c UMI  |d UtOrBLW 
086 0 |a W 3.4:909/no.90 
099 |a W304a-33.90 
245 0 0 |a [Instructions for special individual returns of saddlery equipment issued to officers]. 
264 1 |a [Washington] :  |b [publisher not identified],  |c 1909. 
300 |a 1 online resource (1 pages) 
336 |a text  |b txt  |2 rdacontent 
337 |a computer  |b c  |2 rdamedia 
338 |a online resource  |b cr  |2 rdacarrier 
533 |a Electronic reproduction.  |b [Bethesda, Md.] :  |c ProQuest,  |d 2014.  |e digital, PDF file.  |n ProQuest U.S. Executive Branch Documents  |n Mode of access: World Wide Web via ProQuest website. 
588 |a Record is based on online resource; title from PDF title page (ProQuest, last viewed Nov. 2014). Reuse except for individual research requires license from ProQuest, LLC. 
500 |a Electronic resource. 
650 0 |a Armed Forces  |x Officers.  |0 http://id.loc.gov/authorities/subjects/sh85007248 
650 0 |a Paper industry workers.  |0 http://id.loc.gov/authorities/subjects/sh85097625 
650 0 |a Saddlery.  |0 http://id.loc.gov/authorities/subjects/sh85116418 
655 7 |a Electronic books.  |2 local 
856 4 0 |u http://proxy.library.tamu.edu/login?url=http://congressional.proquest.com/congressional/docview/t66.d71.w304a-33.90  |z Connect to the full text of this electronic document  |t 0 
999 f f |s d9c0699e-61d2-3a25-8059-f57ae07a5645  |i 359a490f-41c5-3f2f-90e8-ca4340aa7796  |t 0 
952 f f |a Texas A&M University  |b College Station  |c Electronic Resources  |d Available Online  |t 0  |h No information provided 
998 f f |t 0  |l Available Online